| 000 | 00516nam a2200181Ia 4500 | ||
|---|---|---|---|
| 003 | GCL | ||
| 008 | 140319s9999 xx 000 0 ara d | ||
| 040 |
_aGCL / _cGCL |
||
| 082 | 0 | 4 |
_a891.7 _bت ق |
| 100 | 1 | _aمحمد السباعى | |
| 245 | 1 | 0 |
_aقصص روسية / _cمحمد السباعى |
| 700 | 1 | _aتشيكوف، انطون | |
| 300 | _a209 ص | ||
| 490 |
_a100 قصة _v0 |
||
| 650 | 0 | 4 | _aالقصص الروسية المترجمة |
| 650 | 0 | 4 | _aالادب الروسى المترجم |
| 942 |
_2ddc _cBK |
||
| 999 |
_c43611 _d43611 |
||